Architect's guide to NEC4 (Record no. 116271)

MARC details
000 -LEADER
fixed length control field 00575cam a22002295a 4500
001 - CONTROL NUMBER
control field L160198
008 - FIXED-LENGTH DATA ELEMENTS--GENERAL INFORMATION
fixed length control field 181130s2018 xxk f 000 0 eng d
020 ## - INTERNATIONAL STANDARD BOOK NUMBER
International Standard Book Number 9781859468562
035 ## - SYSTEM CONTROL NUMBER
System control number (Sirsi) u160198
041 0# - LANGUAGE CODE
Language code of text/sound track or separate title eng
050 04 - LIBRARY OF CONGRESS CALL NUMBER
Classification number 624.04 FOR
100 1# - MAIN ENTRY--PERSONAL NAME
Personal name Forward, Frances
245 00 - TITLE STATEMENT
Title Architect's guide to NEC4
260 ## - PUBLICATION, DISTRIBUTION, ETC.
Place of publication, distribution, etc. London
Name of publisher, distributor, etc. RIBA
Date of publication, distribution, etc. 2018
300 ## - PHYSICAL DESCRIPTION
Extent 107p ; 21 cm
520 ## - SUMMARY, ETC.
Summary, etc. Explains NEC4 contract with a clause by clause breakdown.
590 ## - LOCAL NOTE (RLIN)
Local note KA
650 24 - SUBJECT ADDED ENTRY--TOPICAL TERM
Topical term or geographic name entry element NEC4
651 #4 - SUBJECT ADDED ENTRY--GEOGRAPHIC NAME
Geographic name United Kingdom
Chronological subdivision
690 ## - LOCAL SUBJECT ADDED ENTRY--TOPICAL TERM (OCLC, RLIN)
Topical term or geographic name as entry element Contracts
9 (RLIN) 6232
942 ## - ADDED ENTRY ELEMENTS (KOHA)
Suppress in OPAC 0
Holdings
Withdrawn status Lost status Source of classification or shelving scheme Damaged status Not for loan Home library Current library Shelving location Date acquired Total Checkouts Full call number Barcode Date last seen Copy number Price effective from Koha item type
    Dewey Decimal Classification     London London Books 30/11/2018   624.04 FOR 309078950 06/08/2019 1 06/08/2019 Book